| 000 | 00930nam a2200229Ia 4500 | ||
|---|---|---|---|
| 003 | GCL | ||
| 008 | 140319s9999 xx 000 0 ara d | ||
| 020 | _a4603208977 | ||
| 040 |
_aGCL / _cGCL |
||
| 082 | 0 | 4 |
_a956.708 _bوج |
| 100 | 1 | _aوليد الزبيدى | |
| 245 | 1 | 0 |
_aجدار بغداد : _bيوميات شاهد على غزو العراق / _cوليد الزبيدى |
| 250 | _aالاولى | ||
| 260 |
_aالقاهرة : _bمكتبة مدبولى ، _c2006 |
||
| 300 |
_a218 ص ؛ _c24 سم |
||
| 650 | 0 | 4 | _aالعراق - تاريخ - العصر الحديث - صدام حسين |
| 650 | 0 | 4 | _aالاعتداء الامريكى على العراق |
| 650 | 0 | 4 | _aالعراق - تاريخ - العصر الحديث - الاحتلال الامريكي |
| 650 | 0 | 4 | _aالمجتمع العراقى |
| 650 | 0 | 4 | _aالعراق - الاحوال السياسية - الاحتلال الامريكى |
| 942 |
_2ddc _cBK |
||
| 999 |
_c9515 _d9515 |
||